How to manage real estate successfully in our spare time (Record no. 314)

MARC details
000 -LEADER
fixed length control field 00489nam a2200157Ia 4500
008 - FIXED-LENGTH DATA ELEMENTS--GENERAL INFORMATION
fixed length control field 230312s9999||||xx |||||||||||||| ||und||
020 ## - INTERNATIONAL STANDARD BOOK NUMBER
International Standard Book Number 0671248294
082 ## - DEWEY DECIMAL CLASSIFICATION NUMBER
Classification number 658.91333
Item number LOW-H
100 ## - MAIN ENTRY--PERSONAL NAME
Personal name Lowry, Albert J
245 #0 - TITLE STATEMENT
Title How to manage real estate successfully in our spare time
260 ## - PUBLICATION, DISTRIBUTION, ETC.
Name of publisher, distributor, etc. Simon and Schuster
Place of publication, distribution, etc. New York
Date of publication, distribution, etc. 1979
300 ## - PHYSICAL DESCRIPTION
Extent 296
546 ## - LANGUAGE NOTE
Language note Eng.
650 ## - SUBJECT ADDED ENTRY--TOPICAL TERM
Topical term or geographic name entry element Management
Form subdivision Administer your property efficiently and maximize profits, Financially independe
942 ## - ADDED ENTRY ELEMENTS (KOHA)
Koha item type BOOK
Holdings
Withdrawn status Lost status Source of classification or shelving scheme Damaged status Not for loan Home library Current library Date acquired Total Checkouts Full call number Barcode Date last seen Price effective from Koha item type
    Dewey Decimal Classification     Superior Information Resource Center (SIRC) Superior University- Central Library Superior Information Resource Center (SIRC) Superior University- Central Library 03/13/2023   658.91333 LOW-H 319 03/13/2023 03/13/2023 BOOK

Powered by Koha